Modern history of Korea / (Record no. 2027)
[ view plain ]
| 000 -LEADER | |
|---|---|
| fixed length control field | 00492nam a2200169 a 4500 |
| 003 - CONTROL NUMBER IDENTIFIER | |
| control field | BD-DhJNU |
| 005 - DATE AND TIME OF LATEST TRANSACTION | |
| control field | 20250826045910.0 |
| 008 - FIXED-LENGTH DATA ELEMENTS--GENERAL INFORMATION | |
| fixed length control field | 250501s1979 ii a b 001 0 eng |
| 040 ## - CATALOGING SOURCE | |
| Original cataloging agency | BD-DhJNU |
| Language of cataloging | ENG |
| Transcribing agency | BD-DhJNU |
| Modifying agency | BD-DhJNU |
| 082 00 - DEWEY DECIMAL CLASSIFICATION NUMBER | |
| Classification number | 951.9 GIM |
| Edition number | 23 |
| 100 1# - MAIN ENTRY--PERSONAL NAME | |
| Personal name | Gil, Kim Han |
| 245 10 - TITLE STATEMENT | |
| Title | Modern history of Korea / |
| Statement of responsibility, etc. | Kim Han Gil |
| 260 ## - PUBLICATION, DISTRIBUTION, ETC. | |
| Place of publication, distribution, etc. | Pyongyang, Korea : |
| Name of publisher, distributor, etc. | Foreign Languages Publishing House, |
| Date of publication, distribution, etc. | 1979. |
| 300 ## - PHYSICAL DESCRIPTION | |
| Extent | 605 p. : |
| Other physical details | ill. ; |
| Dimensions | 22 cm. |
| 650 #0 - SUBJECT ADDED ENTRY--TOPICAL TERM | |
| Topical term or geographic name entry element | History of Korea |
| 942 ## - ADDED ENTRY ELEMENTS (KOHA) | |
| Koha item type | Books |
| Withdrawn status | Lost status | Source of classification or shelving scheme | Damaged status | Not for loan | Collection | Home library | Current library | Shelving location | Date acquired | Source of acquisition | Total checkouts | Full call number | Barcode | Date last seen | Copy number | Price effective from | Koha item type |
|---|---|---|---|---|---|---|---|---|---|---|---|---|---|---|---|---|---|
| Dewey Decimal Classification | Non-fiction | Jagannath University Central Library | Jagannath University Central Library | General stacks | 08/26/2025 | Purchased | 951.9 GIM | JNUCL9019 | 08/26/2025 | 1 | 08/26/2025 | Books |